000 00457nam a2200181Ia 4500
001 17525
005 20260306171524.0
008 260306s9999||||xx |||||||||||||| ||und||
041 _aESP
082 _a658.001
_bA159
100 _aAlvira, Rafael,
_eAUT
245 0 _aEmpresa y humanismo :
_btrazos pequeños de un proyecto grande
260 _c2024
300 _a297 páginas :
_c22 cm.
650 _aGEN
654 _aCAN
942 _cLIB
_dJUS
_fJUS
_2ddc
_n
999 _c17525
_d17525